| 000 | 004940000a22001690004500 | ||
|---|---|---|---|
| 003 | MACL | ||
| 005 | 20151230160914.0 | ||
| 008 | 151230b xxu||||| |||| 00| 0 eng d | ||
| 040 |
_aMACL _cMACL |
||
| 041 | _aEnglish | ||
| 082 | _a294.3/OLD | ||
| 100 |
_aOldenberg, Hermann _910758 |
||
| 245 |
_aThe Vinaya Pitakam _bThe Principal Buddhist Holy Scriptures in the Pali Languagge vol 5 |
||
| 260 |
_bWilliams and Norgate _c1883 _aLondon |
||
| 650 |
_aReligion _925194 |
||
| 942 |
_cBK _k294.3/OLD _2ddc |
||
| 999 |
_c39287 _d39287 |
||